00578nam a2200205Ia 4500008004100000020001800041050001600059050001800075245004600093245008100139250001600220260001700236260002100253260000900274300001600283300002000299300001100319500002000330650002200350160319s9999 xx 000 0 und d a971-584-405-7 aFIL QP 34.5 b.L43 2005 c.3 aLecture notes in integrative physiology / cedited by Teresita Joy P. Evangelista, Maria Salome N. Vios, Xenia T. Tigno. a2nd Edition aQuezon City: bC & E Pub. Inc., c2005 a413 pages : billustrations ; c22 cm. aIncludes index. aHuman physiology.